| 000 | 00553nam a2200145 a 4500 | ||
|---|---|---|---|
| 008 | 120416s1973 ||||||||||||||||| || u | ||
| 050 | _aTA 403 Int | ||
| 100 | _aParker, Earl R | ||
| 245 | 1 | 4 |
_aThe science of materials used in advanced technology _cedited by Earl R. Parker |
| 260 |
_aNew York _bJohn Wiley and Sons _c1973 |
||
| 300 | _aix, 560p. : ill. | ||
| 350 | _a0.00 | ||
| 700 | _aColombo, Umberto | ||
| 995 |
_D0.00 _FCBU-MAIN LIBRARY (Kitwe) _H1 _I14.00 _M1 _UDAMAGED _ZMain Library Open Access Collection |
||
| 999 |
_c57104 _d57104 |
||